State kingship and architecture in pre-Mughal India / (Record no. 42877)

MARC details
000 -LEADER
fixed length control field 00762nam a22002177a 4500
005 - DATE AND TIME OF LATEST TRANSACTION
control field 20100821125728.0
010 ## - LCCN (DPL NO)
LC control number ENG-101173
020 ## - INTERNATIONAL STANDARD BOOK NUMBER
International Standard Book Number 8188573604
Terms of availability 425.00
035 ## - SYSTEM CONTROL NUMBER
System control number EN-84706
037 ## - SOURCE OF ACQUISITION
Source of stock number/acquisition DBAD/PUB
082 ## - DEWEY DECIMAL CLASSIFICATION NUMBER
Classification number 720
100 ## - MAIN ENTRY--PERSONAL NAME
Personal name Mahajan, T. T.
245 ## - TITLE STATEMENT
Title State kingship and architecture in pre-Mughal India /
Statement of responsibility, etc by T. T. Mahajan
260 ## - PUBLICATION, DISTRIBUTION, ETC. (IMPRINT)
Place of publication, distribution, etc Kanpur
Name of publisher, distributor, etc Chandralok Prakasan
Date of publication, distribution, etc 2010
270 ## - ADDRESS
Address 132, Shivram Kripa' Mayur Park, Basant Vihar
City Kanpur
Postal code 208021
300 ## - PHYSICAL DESCRIPTION
Extent 164p.
Dimensions 22cm (Hb)
500 ## - GENERAL NOTE
General note Includes bibliographical references
650 ## - SUBJECT ADDED ENTRY--TOPICAL TERM
Topical term or geographic name as entry element Architecture
Geographic subdivision India
942 ## - ADDED ENTRY ELEMENTS (KOHA)
Source of classification or shelving scheme Dewey Decimal Classification
Item type English Books
Classification part 720
Call number suffix MAH
Holdings
Withdrawn status Lost status Not for loan Collection code Home library Current library Date acquired Source of acquisition Cost, normal purchase price Full call number Barcode Copy number Cost, replacement price Koha item type
    Not For Loan Non-fiction D.B.Act.Division D.B.Act.Division 21/08/2010 DBAD/PUB 425.00 720 MAH EN-84706 1 425.00 English Books

© Delhi Public Library
Hit Counter
free hit counter